000 00562nam a22002057a 4500
001 00028621
005 20260321105343.0
008 260321b ag ||||| |||| 00| 0 spa d
020 _a987206590
040 _bspa
_cAR-CcCEOS
080 _a82-3
090 _bGAS
100 _aMarina Gask
_9950
245 _aY si es él... Y si es ella... :
_b2 puntos de vista sobre el mismo amor /
_cMarina Gask
250 _a1ª ed.
260 _aBuenos Aires :
_bMontena,
_c2003.
300 _a128 p. ;
_c18x11 cm.
650 0 _aliteratura infantil
942 _2udc
_cBK
999 _c28651
_d28651
945 _a66467
_bMelina Rolando
_c66467
_dMelina Rolando